Význam poistnej ochrany právnickej osoby bakalárska práca

Saved in:
Bibliographic Details
Main Author: Rakús, Patrik
Corporate Author: Národohospodárska fakulta EU. Katedra poisťovníctva
Other Authors: Jurkovičová, Monika
Format: Book
Language:Slovak
Published: Bratislava 2014
Tags: Add Tag
No Tags, Be the first to tag this record!

MARC

LEADER 00000nbm a2200000 4500
001 0189458
005 20170321105226.3
041 0 |a slo 
044 |a SK 
245 1 0 |a Význam poistnej ochrany právnickej osoby  |b bakalárska práca  |c Patrik Rakús ; školiteľ: Monika Jurkovičová 
264 1 |a Bratislava  |c 2014 
300 |a 42 s. 
100 1 |a Rakús, Patrik 
700 1 |a Jurkovičová, Monika 
710 2 |a Národohospodárska fakulta EU. Katedra poisťovníctva